A menina que queria ser bruxa (Record no. 122084)

MARC details
000 -LÍDER
campo de controle de tamanho fixo 00783 a2200229 4500
001 - NÚMERO DE CONTROLE
campo de controle 122084
020 ## - ISBN - INTERNATIONAL STANDARD BOOK NUMBER
ISBN - International Standard Book Number 8532200478
040 ## - FONTE DA CATALOGAÇÃO
Instituição que transcreveu o registro Escola Canadense de Niteroi
090 ## - NÚMERO DE CHAMADA LOCAL
Número de chamada (OCLC) (R); Número de chamada, CALL (RLIN) (NR) M1 - NIC
100 ## - ENTRADA PRINCIPAL--NOME PESSOAL
Nome pessoal Nicolelis, Giselda Laporta
245 10 - TÍTULO
Título A menina que queria ser bruxa
250 ## - EDIÇÃO
Edição 3.ed.
260 ## - PUBLICAÇÃO, DISTRIBUIÇÃO, ETC.
Local de publicação, distribuição, etc. São Paulo
300 ## - DESCRIÇÃO FÍSICA
Outros detalhes físicos il.
Dimensões 4 x 17 x 0.3 cm
362 0# - DATAS DE PUBLICAÇÃO E/OU DESIGNAÇÃO SEQUENCIAL
Datas de publicação e/ou designação sequencial 1987
490 0# - TÍTULO DA SÉRIE
Título da série Coleção primeiras histórias
520 ## - NOTA DE RESUMO, ETC
Resumo, etc. Aline matriculou-se na escola de bruxas. Mas não entendia o motivo de escurecer o sol ou transformar meninos em sapos. O conselho veio da diretora da escola e Aline se transferiu para a escola de fadas. E se tornou uma de primeira grandeza.
650 #4 - ASSUNTO--TERMO TÓPICO
Cabeçalho tópico ou nome geográfico Literatura Infantil
650 #4 - ASSUNTO--TERMO TÓPICO
Cabeçalho tópico ou nome geográfico Bruxas e Bruxos
650 #4 - ASSUNTO--TERMO TÓPICO
Cabeçalho tópico ou nome geográfico Fadas
942 ## - ELEMENTOS DE ENTRADA ADICIONADOS (KOHA)
Tipo de material Koha Livros
Holdings
Situação do descarte Situação das perdas Situação física Não pode ser emprestado Biblioteca de origem Biblioteca atual Data de aquisição Total de empréstimos Número de chamada completo Código de barras Data de último acesso Data do preço efetivo Tipo de material Koha
        Canadian School of Niterói - Piratininga Canadian School of Niterói - Piratininga 09/02/2024   M1 - NIC A16752 09/02/2024 09/02/2024 Livros